000 00808nam a2200253Ia 4500
003 OSt
005 20220925222220.0
006 a|||||r|||| 00| 0
007 ta
008 220923b |||||||| |||| 00| 0 eng d
020 _a0192117238
037 _cGeneral Book
040 _aRTL
_cRTL
_beng
041 _2eng
_aeng
082 _aV2, 11y7M83, L3
100 _aMoon Penderel
245 0 _aWavell(A P)The Viceroy's Journal
260 _aLondon
_bOxford University Press UK
_c1973
300 _axvi,528p P.facing P.62,63,78,79,94,95,110,111,126,127,142,143,158,159,174,175,270,271,286,287,414,415,430,431.
_ccm.
500 _aAppendices: P 465-499; Index:P.503-28
650 _aPresident
942 _hV2, 11y7M83, L3
_cGB
_2CC
999 _c576395
_d576395